Statistics for Basic SCRUBS Quiz

Click here to take the quiz!

General Stats

  • This quiz has been taken 195 times
  • The average score is 14 of 20

Answer Stats

HintAnswer% Correct
Name of the hospital where the show takes place.Sacred Heart Hospital
98%
J.D.'s best friend is...Dr. Chris Turk
90%
He's married to...Nurse Carla Espinosa
90%
Who has 2 thumbs & doesn't give a crap?Dr. Bob Kelso
88%
J.D. considered him to be his mentor.Dr. Perry Cox
88%
His ex-wife is...Jordan Sullivan
84%
The name of the song on the opening credits.Superman
80%
J.D. has a child. Who is the mother?Dr. Kim Briggs
79%
Name of the original stuffed dog that lives with J.D.Rowdy
78%
J.D.'s drink of choice...Appletini
74%
This surgeon is known for his innuendos and hi fives...Dr. Todd 'The Todd' Quinlan
74%
The child's name is?Sam
73%
J.D.'s main nemesis.The Janitor
71%
Who is crazy?Hooch
66%
Later J.D. gets a scooter. He names it...Sasha
59%
J.D.'s first romantic interest and best female friend.Dr. Elliot Reid
52%
What was the nickname given to Jamie Moyer?Tasty Coma Wife
34%
The name of J.D.'s car...Malik
32%
The name of Ted's band on the show.The Worthless Peons
32%
Gift shop girl...what was her name?Lisa
11%

Score Distribution

Percentile by Number Answered

Percent of People with Each Score

Your Score History

You have not taken this quiz